<The> Development of the life insurance as a result of economic and demographic changes
Vplyv ekonomických a demografických faktorov na vývoj životného poistenia. Vplyv uvedených trendov na vývoj životného poistenia (1995-2010) vo vybraných krajinách strednej a východnej Európy (Vyšehradská štvorka - Česko, Slovensko, Poľsko a Maďarsko). Identifikácia najvýznamnejších ekonomických a de...
Salvato in:
| Autore principale: | |
|---|---|
| Altri autori: | , |
| Natura: | Capitolo di libro |
| Lingua: | slovacco |
| Soggetti: | |
| Tags: |
Nessun Tag, puoi essere il primo ad aggiungerne!!
|
MARC
| LEADER | 00000nla a2200000 4500 | ||
|---|---|---|---|
| 001 | 0210849 | ||
| 005 | 20240502073518.8 | ||
| 041 | 0 | |a slo | |
| 044 | |a SK | ||
| 245 | 1 | 0 | |a <The> Development of the life insurance as a result of economic and demographic changes |c Erika Pastoráková, Zuzana Brokešová, Tomáš Ondruška |
| 520 | |a Vplyv ekonomických a demografických faktorov na vývoj životného poistenia. Vplyv uvedených trendov na vývoj životného poistenia (1995-2010) vo vybraných krajinách strednej a východnej Európy (Vyšehradská štvorka - Česko, Slovensko, Poľsko a Maďarsko). Identifikácia najvýznamnejších ekonomických a demografických faktorov. | ||
| 610 | 2 | 0 | |a poisťovníctvo |
| 610 | 2 | 0 | |a poistenie životné |
| 610 | 2 | 0 | |a analýzy |
| 610 | 2 | 0 | |a populácia |
| 610 | 2 | 0 | |a produkt domáci hrubý |
| 610 | 2 | 0 | |a index cien spotrebiteľských |
| 610 | 2 | 0 | |a Vyšehradská štvorka |
| 100 | 1 | |a Pastoráková, Erika, 1972- | |
| 700 | 1 | |a Brokešová, Zuzana, 1985- | |
| 700 | 1 | |a Ondruška, Tomáš, 1988- | |